Pár metamorfóz substantívnej deklinácie slovanských jazykov

Bibliographic Details
Main Author: Žigo, Pavol, 1953- (Author)
Format: Article
Language:Slovak
PhysicalDescription:Obr.
ISBN:978-80-555-0838-2
Subjects:

MARC

LEADER 00000nab a2200000 a 4500
001 vtls010598159
003 SK-MaSNL
005 20260429170355.0
008 140522c2013 xo r 000 00slo
015 |a SNBRA2014/05SVKPO 
038 |a SVKPO 
040 |a SVKPOCL  |b slo  |c SVKPOCL  |e AACR2 
041 0 |a slo  |b eng 
044 |a xo  |c SK 
080 |a 81'1  |2 2001 
080 |a 811.16  |2 2001 
080 |a 81'282:811.16  |2 2001 
080 |a 81'366:811.16  |2 2001 
080 |a 81'366.2:811.16  |2 2001 
080 |a 81'367.622:811.16  |2 2001 
100 1 |a Žigo, Pavol,  |d 1953-  |4 aut  |9 215820 
245 1 0 |a Pár metamorfóz substantívnej deklinácie slovanských jazykov  |c Pavol Žigo 
300 |a Obr. 
504 |a Bibliogr. odkazy 
546 |a Res. angl. 
650 0 7 |a lingvistika  |2 svkpocl  |9 860 
650 0 7 |a slovanské jazyky  |2 svkpocl  |9 1338 
650 0 7 |a skloňovanie  |2 svkpocl  |9 14577 
650 0 7 |a slovanské dialekty  |2 svkpocl  |9 319161 
650 0 7 |a podstatné mená  |2 svkpocl  |9 1323 
650 0 7 |a morfológia (lingvistika)  |2 svkpocl  |9 74810 
655 7 |a štúdie  |2 svkpocl  |9 57033 
773 0 |t Jazyk je zázračný mechanizmus... Metamorfózy jazyka a jazykovedy : zborník príspevkov venovaných prof. PhDr. Ivorovi Ripkovi, DrSc., emer. prof. PU, pri príležitosti jeho životného jubilea / Mária Imrichová, Jana Kesselová (eds.) /d Prešov : Filozofická fakulta Prešovskej univerzity, 2013  |g S. 58-78  |z 978-80-555-0838-2 
852 |a SVKPO  |b KIS3GCP 
958 |a SK 
958 |a NB 
958 |a SS 
999 |c 3224849  |d 3226779